[Event "ICS rated blitz match"]
[Site "204.178.125.65"]
[Date "1999.08.08"]
[Round "?"]
[White "Hossa"]
[Black "BlunderThunder"]
[Result "1-0"]
[WhiteElo "2456"]
[BlackElo "2200"]
[PlyCount "93"]
[EventDate "1999.??.??"]

1. d4 Nf6 2. c4 e6 3. Nc3 Bb4 4. Bg5 h6 5. Bh4 c5 6. dxc5 d5 7. cxd6 Qxd6 8.
Qxd6 Bxd6 9. Bxf6 gxf6 10. O-O-O Be7 11. Nb5 Na6 12. e4 e5 13. Nd6+ Bxd6 14.
Rxd6 f5 15. exf5 Bxf5 16. Nf3 Ke7 17. Rxa6 bxa6 18. Nxe5 Rac8 19. b3 h5 20. Bd3
Bxd3 21. Nxd3 Rhe8 22. Re1+ Kd6 23. Rxe8 Rxe8 24. Kd2 a5 25. g3 h4 26. c5+ Kc6
27. Kc3 hxg3 28. hxg3 a4 29. bxa4 a5 30. Kd4 Rd8+ 31. Kc4 Rxd3 32. Kxd3 Kxc5
33. Ke4 Kb4 34. g4 Kxa4 35. g5 Ka3 36. f4 Kxa2 37. f5 a4 38. g6 fxg6 39. fxg6
Kb2 40. g7 a3 41. g8=Q a2 42. Qg2+ Kb3 43. Qg7 Kc2 44. Qa1 Kb3 45. Kd5 Ka3 46.
Kc4 Ka4 47. Qxa2# {BlunderThunder checkmated} 1-0

[Event "ICS rated blitz match"]
[Site "204.178.125.65"]
[Date "1999.08.08"]
[Round "?"]
[White "Hossa"]
[Black "mkarp"]
[Result "1-0"]
[WhiteElo "2456"]
[BlackElo "2156"]
[PlyCount "65"]
[EventDate "1999.??.??"]

1. d4 Nf6 2. c4 g6 3. Nc3 Bg7 4. e4 d6 5. f3 O-O 6. Be3 Nc6 7. Rb1 e5 8. d5 Ne7
9. b4 Nh5 10. g4 Nf4 11. h4 f5 12. exf5 gxf5 13. g5 Nh5 14. Nge2 f4 15. Bf2 Bf5
16. Rb3 Ng6 17. Bg2 e4 18. Nxe4 Bxe4 19. fxe4 Ne5 20. Nd4 f3 21. Bxf3 Nxf3+ 22.
Rxf3 Bxd4 23. Bxd4 Qe7 24. Re3 Ng3 25. Rg1 Nxe4 26. Qg4 Rae8 27. Re2 Qf7 28. g6
hxg6 29. Qxg6+ Qxg6 30. Rxg6+ Kh7 31. Rg7+ Kh6 32. Rxc7 Rf4 33. Be3 {
mkarp resigns} 1-0

[Event "ICS rated blitz match"]
[Site "204.178.125.65"]
[Date "1999.08.08"]
[Round "?"]
[White "Hossa"]
[Black "sicillianknight"]
[Result "0-1"]
[WhiteElo "2466"]
[BlackElo "2823"]
[PlyCount "125"]
[EventDate "1999.??.??"]

1. d4 Nf6 2. c4 e6 3. Nc3 Bb4 4. Bg5 c5 5. d5 h6 6. Bd2 O-O 7. a3 Bxc3 8. Bxc3
Ne4 9. Rc1 Qh4 10. g3 Nxc3 11. Rxc3 Qf6 12. e4 exd5 13. Qxd5 Qb6 14. Rc2 Nc6
15. Nf3 d6 16. Rd2 Be6 17. Qd3 Rad8 18. Qe3 Rfe8 19. Be2 d5 20. O-O dxe4 21.
Rxd8 Rxd8 22. Qxe4 Qxb2 23. Rb1 Bf5 24. Rxb2 Bxe4 25. Nd2 Bd3 26. Bf3 Na5 27.
Bd5 Re8 28. Kg2 b6 29. f4 Re1 30. Nf3 Bf1+ 31. Kf2 Rc1 32. Be4 Nxc4 33. Rb3 Kf8
34. h4 Ke7 35. g4 Kd6 36. g5 hxg5 37. hxg5 Rd1 38. Bc2 Rc1 39. Be4 b5 40. Bf5
g6 41. Be4 Ra1 42. Rc3 b4 43. axb4 cxb4 44. Rc2 b3 45. Rc3 b2 46. Rb3 Rd1 47.
Bc2 Rc1 48. Be4 Kc5 49. Ne1 a5 50. Rb7 Kd4 51. Bc2 Bh3 52. Rb8 Bf5 53. Bxf5
gxf5 54. Nf3+ Ke4 55. g6 fxg6 56. Nh4 b1=Q 57. Rxb1 Rxb1 58. Nxg6 a4 59. Nf8 a3
60. Ne6 a2 61. Kg3 Rg1+ 62. Kh2 a1=Q 63. Ng5+ {Hossa resigns} 0-1

[Event "ICS rated blitz match"]
[Site "204.178.125.65"]
[Date "1999.08.08"]
[Round "?"]
[White "NoRegrets"]
[Black "Hossa"]
[Result "0-1"]
[WhiteElo "2026"]
[BlackElo "2462"]
[PlyCount "48"]
[EventDate "1999.??.??"]

1. d4 Nf6 2. c4 d6 3. Nc3 Bf5 4. g3 Bc8 5. Bg2 Nfd7 6. e4 e5 7. Nge2 Be7 8. O-O
O-O 9. f4 exd4 10. Nxd4 Bf6 11. Be3 Nc6 12. Nxc6 bxc6 13. Qc2 Qe7 14. e5 Bb7
15. exf6 Qxe3+ 16. Kh1 Nxf6 17. Rae1 Qc5 18. Re7 Rae8 19. Rxc7 Qb6 20. Nb5 Ba8
21. Rxa7 cxb5 22. Rxa8 Rxa8 23. Bxa8 Rxa8 24. cxb5 24... Qxb5 {
NoRegrets resigns} 0-1

[Event "ICS rated blitz match"]
[Site "204.178.125.65"]
[Date "1999.08.08"]
[Round "?"]
[White "Hossa"]
[Black "MissSilicon"]
[Result "1/2-1/2"]
[WhiteElo "2464"]
[BlackElo "2626"]
[PlyCount "198"]
[EventDate "1999.??.??"]

1. d4 Nf6 2. c4 e6 3. Nf3 Bb4+ 4. Bd2 Qe7 5. e3 Nc6 6. Bd3 Bxd2+ 7. Qxd2 Nb4 8.
O-O O-O 9. a3 Nxd3 10. Qxd3 b6 11. e4 d5 12. Nc3 Bb7 13. exd5 exd5 14. Rae1 Qd8
15. cxd5 Nxd5 16. Ne2 Re8 17. Qf5 Ba6 18. Ne5 Nf6 19. g4 h6 20. h4 Bc8 21. Qf3
Qd5 22. Qxd5 Nxd5 23. f3 Ne3 24. Rf2 c5 25. Nf4 cxd4 26. Nc6 Bb7 27. Nxd4 Rad8
28. Rd2 Nc4 29. Rxe8+ Rxe8 30. Rc2 Ne5 31. Kf2 Rd8 32. Nfe2 a5 33. Kg3 Ba6 34.
b4 Bd3 35. Rc3 axb4 36. axb4 b5 37. Rc5 f6 38. h5 Bc4 39. Rc7 Kh7 40. f4 Bxe2
41. Nxe2 Rd3+ 42. Kg2 Nxg4 43. Rc5 Rb3 44. Rxb5 Ne3+ 45. Kf2 Nc2 46. f5 Nxb4
47. Kg2 Rb2 48. Kf3 Nd3 49. Rxb2 Nxb2 50. Ke3 Nc4+ 51. Kd4 Nd6 52. Ng3 Kg8 53.
Kd5 Nf7 54. Ne2 Ng5 55. Nd4 Kf7 56. Nc6 Kf8 57. Nd4 Ke8 58. Ne6 Kf7 59. Nd4 Kf8
60. Ne6+ Ke7 61. Nd4 Kd7 62. Nb3 Nh3 63. Nc5+ Ke7 64. Ne6 Kf7 65. Nd8+ Kf8 66.
Ne6+ Kg8 67. Kd4 Ng5 68. Kd5 Nf3 69. Nd4 Ne5 70. Nc6 Nd3 71. Ke4 Nb2 72. Kd4
Nd1 73. Nd8 Nf2 74. Ke3 Ng4+ 75. Ke4 Ne5 76. Ne6 Nc4 77. Kd5 Nd2 78. Nd8 Kf8
79. Ne6+ Kf7 80. Nd8+ Kg8 81. Nc6 Kh7 82. Nd4 Nf1 83. Ne2 Kg8 84. Ke4 Nd2+ 85.
Kd5 Kf7 86. Nd4 Nf1 87. Ne2 Ke7 88. Ke4 Nd2+ 89. Kd5 Nf3 90. Nf4 Ne5 91. Ne6
Kf7 92. Nd8+ Kf8 93. Ne6+ Kg8 94. Ke4 Nf7 95. Kd5 Kh8 96. Kc6 Ne5+ 97. Kd5 Nd3
98. Ke4 Nf2+ 99. Ke3 99... Ng4+ {Game drawn by the 50 move rule} 1/2-1/2

[Event "ICS rated blitz match"]
[Site "204.178.125.65"]
[Date "1999.08.08"]
[Round "?"]
[White "Guryon"]
[Black "Hossa"]
[Result "0-1"]
[WhiteElo "2188"]
[BlackElo "2471"]
[PlyCount "66"]
[EventDate "1999.??.??"]

1. d3 Nf6 2. h4 e5 3. Bd2 Bc5 4. Na3 Bxa3 5. bxa3 d5 6. e3 c5 7. g3 O-O 8. Bh3
Nc6 9. Kf1 b6 10. Bxc8 Qxc8 11. Nh3 c4 12. Ng5 cxd3 13. c3 e4 14. Kg1 h6 15.
Kf1 hxg5 16. hxg5 Ng4 17. Rh4 Nce5 18. Kg2 Nf3 19. Qh1 Nxh4+ 20. Qxh4 Qf5 21.
Be1 Qf3+ 22. Kg1 d2 23. Bxd2 f5 24. Rf1 Ne5 25. Be1 Qe2 26. Kg2 Nf3 27. Qh1 Kf7
28. Qh5+ Ke7 29. Qg6 Nh4+ 30. Kh2 Nxg6 31. Kg1 Rh8 32. Kg2 Qf3+ 33. Kg1 33...
Rh1# {Guryon checkmated} 0-1

[Event "ICS rated blitz match"]
[Site "204.178.125.65"]
[Date "1999.08.08"]
[Round "?"]
[White "Hossa"]
[Black "Guryon"]
[Result "1-0"]
[WhiteElo "2476"]
[BlackElo "2183"]
[PlyCount "81"]
[EventDate "1999.??.??"]

1. e4 d6 2. d4 Na6 3. Bxa6 bxa6 4. c4 g6 5. Qa4+ Bd7 6. Qxa6 h5 7. Ne2 e6 8.
Be3 Bh6 9. O-O Kf8 10. Nbc3 Kg7 11. Rad1 Nf6 12. Bxh6+ Rxh6 13. b4 Ng4 14. h3
Rb8 15. hxg4 hxg4 16. Qxa7 Qh4 17. f3 g3 18. Nxg3 Qxg3 19. Qxb8 e5 20. dxe5 Bh3
21. Rf2 Be6 22. Qxc7 Qh2+ 23. Kf1 Rh8 24. exd6 Rc8 25. Qb6 Bxc4+ 26. Ke1 Qg1+
27. Kd2 Qh2 28. d7 Qf4+ 29. Kc2 Rf8 30. a4 Be6 31. d8=Q Qe5 32. Qdd4 Qxd4 33.
Qxd4+ f6 34. Qd6 Bf7 35. g4 Bg8 36. Rh2 Rf7 37. Rdh1 g5 38. Rh6 Rf8 39. Rg6+
Kxg6 40. Qxf8 Bf7 41. Rh6# {Guryon checkmated} 1-0

[Event "ICS rated blitz match"]
[Site "204.178.125.65"]
[Date "1999.08.08"]
[Round "?"]
[White "Hossa"]
[Black "Secret"]
[Result "0-1"]
[WhiteElo "2481"]
[BlackElo "2497"]
[PlyCount "110"]
[EventDate "1999.??.??"]

1. d4 Nf6 2. c4 g6 3. g3 Bg7 4. Bg2 O-O 5. e4 d6 6. Ne2 e5 7. O-O exd4 8. Nxd4
Re8 9. Nc3 Nbd7 10. Bf4 Ne5 11. b3 Bg4 12. f3 Bd7 13. Qd2 Nh5 14. Bh6 Bxh6 15.
Qxh6 Ng7 16. Rab1 a6 17. Rbd1 b5 18. cxb5 axb5 19. Rd2 b4 20. Nd5 c5 21. Ne2 f5
22. Kh1 Rf8 23. h3 fxe4 24. fxe4 Rxf1+ 25. Bxf1 Ne6 26. Bg2 Bc6 27. Nef4 Nxf4
28. Qxf4 Bxd5 29. Rxd5 Qe7 30. Qd2 Rd8 31. h4 Kh8 32. Kg1 Kg7 33. Qe2 g5 34. h5
h6 35. Qf1 Rf8 36. Qa6 Rf6 37. Bh1 Qf8 38. Bg2 Kh7 39. Qa5 Ng4 40. Qc7+ Kh8 41.
Rd2 Ne3 42. Qd7 c4 43. bxc4 Nxc4 44. Rc2 Ne5 45. Qb5 Ng4 46. Qb7 Rf7 47. Qxb4
Kh7 48. Rd2 Ne3 49. Rxd6 Nxg2 50. Kxg2 Rf2+ 51. Kg1 Rf1+ 52. Kh2 Qf2+ 53. Kh3
g4+ 54. Kxg4 Qe2+ 55. Kh3 55... Rh1# {Hossa checkmated} 0-1

[Event "ICS rated blitz match"]
[Site "204.178.125.65"]
[Date "1999.08.08"]
[Round "?"]
[White "Guryon"]
[Black "Hossa"]
[Result "0-1"]
[WhiteElo "2113"]
[BlackElo "2469"]
[PlyCount "34"]
[EventDate "1999.??.??"]

1. e4 c6 2. d4 d5 3. e5 Bf5 4. Nc3 e6 5. g4 Bg6 6. Nge2 c5 7. h4 Nc6 8. h5 Bxc2
9. Qxc2 cxd4 10. Nd1 Bb4+ 11. Bd2 Qa5 12. f4 f6 13. exf6 Nxf6 14. Bh3 Ne4 15.
Bxb4 Nxb4 16. Qb1 Nc2+ 17. Kf1 17... Qe1+ {Guryon resigns} 0-1

[Event "ICS rated blitz match"]
[Site "204.178.125.65"]
[Date "1999.08.08"]
[Round "?"]
[White "Hossa"]
[Black "weasel"]
[Result "1-0"]
[WhiteElo "2473"]
[BlackElo "2380"]
[PlyCount "41"]
[EventDate "1999.??.??"]

1. e4 g6 2. Nc3 Bg7 3. f4 c6 4. d4 d5 5. Nge2 dxe4 6. Nxe4 Nh6 7. c3 O-O 8. Kf2
Nd7 9. N2g3 b6 10. Be2 Bb7 11. Be3 Qc7 12. Rf1 Rad8 13. Qd2 c5 14. Kg1 c4 15.
f5 Nxf5 16. Nxf5 gxf5 17. Ng3 e6 18. Nh5 Rfe8 19. Bh6 Bf8 20. Qg5+ Kh8 21. Bg7+
{weasel resigns} 1-0

[Event "ICS rated blitz match"]
[Site "204.178.125.65"]
[Date "1999.08.08"]
[Round "?"]
[White "Hossa"]
[Black "Guryon"]
[Result "1-0"]
[WhiteElo "2491"]
[BlackElo "2107"]
[PlyCount "91"]
[EventDate "1999.??.??"]

1. d4 g6 2. c4 Bg7 3. e4 Nf6 4. Bd3 O-O 5. Ne2 c6 6. O-O d6 7. Bg5 Nbd7 8. Qd2
e5 9. Nbc3 Re8 10. Bh6 Bh8 11. f3 Qa5 12. Qg5 Qd8 13. Qe3 Qe7 14. Rae1 b6 15.
Rd1 Ba6 16. b3 Rac8 17. Rde1 Bb7 18. Rc1 Ba6 19. Rcd1 Bb7 20. Qg5 Ba6 21. dxe5
dxe5 22. Ng3 Nc5 23. Nce2 Bb7 24. Bb1 Rcd8 25. Nf5 Qe6 26. Kh1 Bc8 27. Bc2 Ncd7
28. Rd6 Qxd6 29. Nxd6 Re6 30. Nf5 Ree8 31. Rd1 Bb7 32. Nd6 Re6 33. Nxb7 Bg7 34.
Nxd8 Re8 35. Bxg7 Kxg7 36. Nxc6 Nc5 37. Nxe5 Ne6 38. Qh4 h6 39. Rd6 Ng5 40. Nc6
Ne6 41. e5 Nh5 42. g4 Rf8 43. gxh5 g5 44. Qe4 f5 45. exf6+ Kxf6 46. Qg6# {
Guryon checkmated} 1-0

[Event "ICS rated blitz match"]
[Site "204.178.125.65"]
[Date "1999.08.08"]
[Round "?"]
[White "Guryon"]
[Black "Hossa"]
[Result "0-1"]
[WhiteElo "2104"]
[BlackElo "2494"]
[PlyCount "114"]
[EventDate "1999.??.??"]

1. d3 Nf6 2. g3 e5 3. h4 d5 4. Bh3 Nc6 5. Bd2 Bc5 6. Na3 Bxh3 7. Nxh3 Bxa3 8.
bxa3 O-O 9. e3 Rc8 10. Ng5 h6 11. Kf1 hxg5 12. hxg5 e4 13. Rb1 Ng4 14. Qxg4 f5
15. Qh5 Re8 16. g6 Kf8 17. Qh8+ Ke7 18. Qxg7+ Kd6 19. Rxb7 Rg8 20. Qf7 Rf8 21.
Qg7 Rg8 22. Qb2 Rxg6 23. Bb4+ Ke6 24. Ke2 Rb8 25. Rxb8 Qxb8 26. Qc3 Qb6 27. Rh8
a5 28. Bc5 Qb5 29. Re8+ Kd7 30. Qh8 Qxc5 31. Qh7+ Kxe8 32. Qxg6+ Kd8 33. Qxf5
Qxc2+ 34. Kf1 Qxd3+ 35. Kg2 Ne7 36. Qg5 Qxa3 37. Qf6 Qxa2 38. Qf8+ Kd7 39. Qh6
a4 40. Qh3+ Ke8 41. Qh5+ Kf8 42. Qh6+ Kf7 43. Qh7+ Ke6 44. Qh3+ Nf5 45. Qh8
Nxe3+ 46. Kh3 Qxf2 47. Qe8+ Kd6 48. Qg6+ Kc5 49. Qg8 Qg2+ 50. Kh4 Qh2+ 51. Kg5
Qxg3+ 52. Kf6 Qxg8 53. Ke7 Ng4 54. Kd7 Ne5+ 55. Kxc7 Qf7+ 56. Kb8 Kc6 57. Kc8
57... Qe8# {Guryon checkmated} 0-1

[Event "ICS rated blitz match"]
[Site "204.178.125.65"]
[Date "1999.08.08"]
[Round "?"]
[White "Hossa"]
[Black "Guryon"]
[Result "1-0"]
[WhiteElo "2497"]
[BlackElo "2101"]
[PlyCount "109"]
[EventDate "1999.??.??"]

1. d4 Nf6 2. Nf3 g6 3. c4 Bg7 4. Nc3 O-O 5. e4 d6 6. Be2 e5 7. dxe5 dxe5 8.
Qxd8 Rxd8 9. Bg5 Re8 10. Nd5 Nxd5 11. cxd5 c6 12. O-O-O cxd5 13. Bb5 Nc6 14.
exd5 a6 15. Ba4 b5 16. dxc6 bxa4 17. Rd6 Be6 18. Kb1 Rac8 19. Rc1 f6 20. Bh4 a3
21. b3 g5 22. Bg3 Bf5+ 23. Ka1 g4 24. Nh4 Be6 25. c7 f5 26. Rcc6 f4 27. Rxe6
Rxe6 28. Rxe6 fxg3 29. hxg3 e4+ 30. Kb1 Rxc7 31. Rxe4 Rd7 32. Nf5 Rd1+ 33. Kc2
Ra1 34. Rxg4 Rxa2+ 35. Kd3 Rxf2 36. Nxg7 Rxg2 37. Nh5+ Kf8 38. Ra4 a2 39. Rxa6
Rh2 40. Nf4 Rh6 41. Rxa2 Rd6+ 42. Kc4 Rc6+ 43. Kd4 Rf6 44. Ra8+ Kf7 45. Ra7+
Kf8 46. Rxh7 Rd6+ 47. Kc5 Rf6 48. b4 Rf5+ 49. Kc4 Rf6 50. b5 Rf5 51. Ng6+ Ke8
52. b6 Rg5 53. b7 Rg4+ 54. Nf4 Rxg3 55. b8=Q# {Guryon checkmated} 1-0

[Event "ICS rated blitz match"]
[Site "204.178.125.65"]
[Date "1999.08.08"]
[Round "?"]
[White "Guryon"]
[Black "Hossa"]
[Result "0-1"]
[WhiteElo "2098"]
[BlackElo "2500"]
[PlyCount "78"]
[EventDate "1999.??.??"]

1. d3 Nf6 2. g3 e5 3. h4 d5 4. Bd2 Bc5 5. Na3 Ng4 6. e3 Qf6 7. Qf3 Qxf3 8. Nxf3
Bxa3 9. bxa3 O-O 10. Bh3 Nc6 11. O-O Nxe3 12. fxe3 Bxh3 13. Rf2 Bg4 14. Kg2 f6
15. Nh2 Bh5 16. Rb1 b6 17. Rb5 Rad8 18. Rb1 a5 19. Re1 Rd7 20. e4 dxe4 21. Rxe4
Bg6 22. Ree2 Nd4 23. Re1 Nxc2 24. Rc1 Bxd3 25. a4 Nd4 26. Be3 Nf5 27. Ng4 h5
28. Bxb6 cxb6 29. Nh2 Be4+ 30. Kg1 Nxg3 31. Nf3 Bxf3 32. Rxf3 Ne2+ 33. Kh2 Nxc1
34. Kg3 Rd3 35. Rxd3 Nxd3 36. Kf3 Re8 37. Ke4 Nc5+ 38. Kf5 Kf7 39. a3 39... g6#
{Guryon checkmated} 0-1

[Event "ICS rated blitz match"]
[Site "204.178.125.65"]
[Date "1999.08.08"]
[Round "?"]
[White "Guryon"]
[Black "Hossa"]
[Result "0-1"]
[WhiteElo "2099"]
[BlackElo "2503"]
[PlyCount "35"]
[EventDate "1999.??.??"]

1. e4 c6 2. d4 d5 3. Nc3 dxe4 4. Nxe4 Bf5 5. Ng3 Bg6 6. Nf3 Nd7 7. Bd3 Bxd3 8.
Qxd3 e6 9. O-O Be7 10. c4 c5 11. dxc5 Nxc5 12. Qxd8+ Rxd8 13. Bf4 Nd3 14. Bc1
Nf6 15. b3 Ng4 16. h3 Bf6 17. Rb1 Nge5 18. Bg5 {Guryon resigns} 0-1

[Event "ICS rated blitz match"]
[Site "204.178.125.65"]
[Date "1999.08.08"]
[Round "?"]
[White "Hossa"]
[Black "Guryon"]
[Result "1-0"]
[WhiteElo "2506"]
[BlackElo "2096"]
[PlyCount "85"]
[EventDate "1999.??.??"]

1. d4 Nf6 2. c4 g6 3. Nc3 Bg7 4. e4 O-O 5. Bg5 d6 6. f3 Nbd7 7. f4 c5 8. d5 h6
9. Bxf6 Nxf6 10. Be2 e6 11. Qd3 exd5 12. cxd5 Rb8 13. O-O-O a6 14. e5 Nd7 15.
exd6 b5 16. Qg3 c4 17. f5 b4 18. Ne4 c3 19. fxg6 cxb2+ 20. Kb1 f5 21. Nf2 Nc5
22. Qf4 b3 23. axb3 Qa5 24. Bc4 Nxb3 25. Bxb3 Rxb3 26. Ne2 Bd7 27. Nd3 Qa1+ 28.
Kc2 b1=Q+ 29. Rxb1 Rxb1 30. Rxb1 Ba4+ 31. Kd2 Qxb1 32. Qxa4 Rc8 33. Qxa6 Qc2+
34. Ke1 Qb1+ 35. Kf2 Qc2 36. d7 Rd8 37. Qe6+ Kh8 38. Qe8+ Bf8 39. Qxd8 Kg7 40.
Qxf8+ Kxf8 41. d8=Q+ Kg7 42. Qe7+ Kxg6 43. Ndf4# {Guryon checkmated} 1-0

[Event "ICS rated blitz match"]
[Site "204.178.125.65"]
[Date "1999.08.08"]
[Round "?"]
[White "Guryon"]
[Black "Hossa"]
[Result "0-1"]
[WhiteElo "2093"]
[BlackElo "2509"]
[PlyCount "60"]
[EventDate "1999.??.??"]

1. e4 c6 2. d4 d5 3. exd5 cxd5 4. Nc3 Nc6 5. g3 Bf5 6. Bg2 Nb4 7. Be3 Nxc2+ 8.
Kf1 Nxa1 9. Qxa1 e6 10. Nge2 Bb4 11. Qc1 Nf6 12. h3 Bxc3 13. Nxc3 O-O 14. Kg1
Rc8 15. Kh2 Be4 16. Qd2 Bxg2 17. Kxg2 Qd7 18. Bg5 Ne8 19. h4 Nd6 20. h5 Nc4 21.
Qe2 h6 22. Bf4 Rc6 23. a3 Rfc8 24. g4 Nxb2 25. Qxb2 Rxc3 26. g5 Rc2 27. Qb4
R8c4 28. Qa5 hxg5 29. Bxg5 e5 30. h6 30... Qg4+ {Guryon resigns} 0-1

[Event "ICS rated blitz match"]
[Site "204.178.125.65"]
[Date "1999.08.08"]
[Round "?"]
[White "Guryon"]
[Black "Hossa"]
[Result "0-1"]
[WhiteElo "2087"]
[BlackElo "2515"]
[PlyCount "90"]
[EventDate "1999.??.??"]

1. d3 Nf6 2. g3 e5 3. e3 d5 4. h4 Bb4+ 5. c3 Bd6 6. Na3 Bg4 7. Be2 Bxe2 8. Qxe2
Bxa3 9. bxa3 c6 10. Nh3 O-O 11. Ng5 Qa5 12. Bd2 Qxa3 13. Kf1 Nbd7 14. Kg2 h6
15. Qd1 hxg5 16. hxg5 Qb2 17. Rb1 Qxa2 18. Rxb7 Rfb8 19. Rxd7 Nxd7 20. Qh5 Kf8
21. Be1 Qb1 22. d4 Qe4+ 23. Kh2 Ke7 24. Kg1 Qd3 25. dxe5 Rh8 26. Qxh8 Rxh8 27.
Rxh8 Qe2 28. Ra8 Qxe1+ 29. Kg2 Qxc3 30. Rxa7 Qxe5 31. Ra8 Qxg5 32. Rg8 c5 33.
Rc8 Kd6 34. Ra8 c4 35. Ra6+ Kc5 36. Ra5+ Kb4 37. Ra7 Qf5 38. Rb7+ Kc3 39. Rc7
Ne5 40. Ra7 Ng4 41. Ra4 Qxf2+ 42. Kh3 Nxe3 43. Ra3+ Kd4 44. Kh4 Qh2+ 45. Kg5
45... Qh6# {Guryon checkmated} 0-1

[Event "ICS rated blitz match"]
[Site "204.178.125.65"]
[Date "1999.08.08"]
[Round "?"]
[White "Hossa"]
[Black "Guryon"]
[Result "1-0"]
[WhiteElo "2518"]
[BlackElo "2098"]
[PlyCount "36"]
[EventDate "1999.??.??"]

1. d4 Nf6 2. c4 d6 3. Nc3 g6 4. e4 Bg7 5. f3 O-O 6. Nge2 Nbd7 7. Be3 c5 8. Qd2
a6 9. O-O-O Qa5 10. Kb1 b5 11. dxc5 Nxc5 12. Nd5 Qd8 13. Nxf6+ Bxf6 14. Bxc5
bxc4 15. Bd4 Bxd4 16. Nxd4 Be6 17. Nxe6 fxe6 18. Bxc4 18... Rb8 {Guryon resigns
} 1-0

[Event "ICS rated blitz match"]
[Site "204.178.125.65"]
[Date "1999.08.08"]
[Round "?"]
[White "Guryon"]
[Black "Hossa"]
[Result "0-1"]
[WhiteElo "2095"]
[BlackElo "2521"]
[PlyCount "44"]
[EventDate "1999.??.??"]

1. d3 Nf6 2. Na3 e5 3. g3 Bxa3 4. bxa3 d5 5. h4 c5 6. Bh3 Bxh3 7. Nxh3 Qb6 8.
Bd2 O-O 9. Ng5 Qd6 10. e3 h6 11. Nh3 Qa6 12. Kf1 Qxa3 13. Ng5 hxg5 14. hxg5
Nbd7 15. Qf3 Qb2 16. Rc1 Qxa2 17. g4 Ne4 18. Qh3 Ng3+ 19. fxg3 f5 20. g6 fxg4+
21. Kg2 gxh3+ 22. Rxh3 22... Qa6 {Guryon resigns} 0-1

[Event "ICS rated blitz match"]
[Site "204.178.125.65"]
[Date "1999.08.08"]
[Round "?"]
[White "Hossa"]
[Black "Guryon"]
[Result "1-0"]
[WhiteElo "2524"]
[BlackElo "2092"]
[PlyCount "81"]
[EventDate "1999.??.??"]

1. d4 d6 2. e4 Na6 3. Bxa6 bxa6 4. c4 g6 5. Qa4+ Bd7 6. Qxa6 h5 7. Ne2 Bh6 8.
Bxh6 Nxh6 9. O-O O-O 10. Nbc3 h4 11. Nf4 h3 12. Nxh3 Bxh3 13. gxh3 e5 14. dxe5
dxe5 15. Rad1 Qh4 16. Qa5 Rae8 17. Rd3 Kh7 18. Qxc7 Ng8 19. Qxa7 Nf6 20. Qe3
Nh5 21. Nd5 Nf4 22. Nxf4 exf4 23. Qc5 Rg8 24. Re1 Rg7 25. b4 Reg8 26. a4 f5 27.
e5 g5 28. Red1 g4 29. hxg4 Rxg4+ 30. Kh1 Rg2 31. h3 R2g3 32. fxg3 Qxh3+ 33. Kg1
Rxg3+ 34. Rxg3 Qxg3+ 35. Kf1 Qf3+ 36. Ke1 Qc3+ 37. Ke2 f3+ 38. Kf1 Qc2 39. Rd7+
Kg6 40. Qg1+ Kh5 41. Rh7# {Guryon checkmated} 1-0

[Event "ICS rated blitz match"]
[Site "204.178.125.65"]
[Date "1999.08.08"]
[Round "?"]
[White "Guryon"]
[Black "Hossa"]
[Result "0-1"]
[WhiteElo "2090"]
[BlackElo "2526"]
[PlyCount "84"]
[EventDate "1999.??.??"]

1. d3 Nf6 2. Na3 e5 3. g3 Bxa3 4. bxa3 d5 5. e3 c5 6. h4 O-O 7. Bh3 Bxh3 8.
Nxh3 Qa5+ 9. Bd2 Qxa3 10. Ng5 h6 11. Kf1 hxg5 12. hxg5 Nbd7 13. Kg2 b6 14. Qf3
Qb2 15. Rac1 Qxa2 16. g4 Nxg4 17. Qxg4 f5 18. Qh5 Qa4 19. g6 Qg4+ 20. Qxg4 fxg4
21. Kg3 Rf3+ 22. Kg2 Rf6 23. e4 d4 24. c3 Raf8 25. cxd4 Rxf2+ 26. Kg3 Rxd2 27.
Rcf1 Rxd3+ 28. Kxg4 exd4 29. Rxf8+ Nxf8 30. Rf1 Nxg6 31. Kf5 Nh4+ 32. Ke5 Rf3
33. Kd5 Rxf1 34. e5 Kf7 35. e6+ Ke7 36. Kc6 Kxe6 37. Kc7 d3 38. Kc6 d2 39. Kb7
Rf7+ 40. Kc6 d1=Q 41. Kb5 Qd3+ 42. Kc6 42... Qd7# {Guryon checkmated} 0-1

[Event "ICS rated blitz match"]
[Site "204.178.125.65"]
[Date "1999.08.08"]
[Round "?"]
[White "libertad"]
[Black "Hossa"]
[Result "0-1"]
[WhiteElo "2398"]
[BlackElo "2528"]
[PlyCount "74"]
[EventDate "1999.??.??"]

1. d4 Nf6 2. Nf3 g6 3. c4 Bg7 4. Nc3 O-O 5. e4 d6 6. Be2 Nbd7 7. O-O e5 8. Qc2
exd4 9. Nxd4 Nc5 10. Nb3 Nfd7 11. Be3 Bxc3 12. Qxc3 Nxe4 13. Qd3 Re8 14. Rad1
Qh4 15. Qc2 Ndc5 16. Nxc5 Nxc5 17. Bf3 Bf5 18. Qc3 Ne4 19. Qb3 b6 20. Qa4 Re7
21. g3 Qh3 22. Bg2 Qh5 23. Rfe1 Bd7 24. Qa3 Bh3 25. Rd5 f5 26. Bh1 Rae8 27. Qb3
Re6 28. Qd1 Bg4 29. f3 Nf6 30. Rd3 f4 31. gxf4 Bh3 32. Qd2 Qf5 33. Ra3 Nh5 34.
Bf2 Rxe1+ 35. Bxe1 Qc5+ 36. Bf2 Qxc4 37. Rc3 37... Qf1# {libertad checkmated}
0-1

[Event "ICS rated blitz match"]
[Site "204.178.125.65"]
[Date "1999.08.08"]
[Round "?"]
[White "libertad"]
[Black "Hossa"]
[Result "1-0"]
[WhiteElo "2379"]
[BlackElo "2547"]
[PlyCount "155"]
[EventDate "1999.??.??"]

1. e4 c6 2. d4 d5 3. Nc3 dxe4 4. Nxe4 Bf5 5. Nc5 e5 6. Nxb7 Qe7 7. Na5 exd4+ 8.
Be2 Qb4+ 9. Bd2 Qxb2 10. Bd3 Bb4 11. Nb3 Bxd3 12. cxd3 Na6 13. Nf3 Bxd2+ 14.
Qxd2 Qxd2+ 15. Kxd2 c5 16. Rhc1 Nf6 17. Nxc5 Nxc5 18. Rxc5 O-O 19. Nxd4 Ng4 20.
f3 Nf6 21. Nc6 Rfe8 22. Ra5 a6 23. Re1 Rxe1 24. Kxe1 Ne8 25. d4 f6 26. Kf2 Nc7
27. d5 Kf7 28. d6 Ne6 29. Nb4 Nd4 30. Ke3 Nb5 31. Rxa6 Rd8 32. Nd5 Nxd6 33. a4
Nf5+ 34. Ke4 Nd6+ 35. Kd4 Nf5+ 36. Kc4 Rc8+ 37. Kb4 Rb8+ 38. Rb6 Rxb6+ 39. Nxb6
Ke6 40. Kb5 Nd4+ 41. Kc4 Nf5 42. a5 Nd6+ 43. Kc5 Nb7+ 44. Kb5 Nxa5 45. Kxa5 g5
46. Kb4 f5 47. Kc4 h5 48. Kd3 g4 49. fxg4 fxg4 50. Ke3 Kf5 51. Nd5 h4 52. Nf4
Kg5 53. Ne6+ Kf5 54. Nd4+ Kg5 55. Ke4 Kg6 56. Kf4 Kh5 57. Kf5 Kh6 58. Kxg4 h3
59. g3 Kg7 60. Kxh3 Kg6 61. Kg4 Kf6 62. h4 Kg6 63. h5+ Kf6 64. Nf5 Ke5 65. h6
Ke6 66. h7 Kd5 67. h8=Q Kc5 68. Qd8 Kb4 69. Kf4 Kc3 70. Ke4 Kb3 71. Qd4 Kc2 72.
Ke3 Kb1 73. Qd3+ Kb2 74. Ke2 Ka2 75. Qb5 Ka3 76. Kd2 Ka2 77. Kc2 Ka1 78. Qb1# {
Hossa checkmated} 1-0

[Event "ICS rated blitz match"]
[Site "204.178.125.65"]
[Date "1999.08.08"]
[Round "?"]
[White "Hossa"]
[Black "StanleyCup"]
[Result "0-1"]
[WhiteElo "2524"]
[BlackElo "2328"]
[PlyCount "83"]
[EventDate "1999.??.??"]

1. d4 d5 2. c4 c6 3. Nc3 Nf6 4. cxd5 cxd5 5. f3 e6 6. Bg5 Nc6 7. Rc1 Qb6 8.
Bxf6 gxf6 9. e3 Qxb2 10. Rc2 Qb6 11. Nge2 Bh6 12. Kf2 Nb4 13. Rc1 Bd7 14. a3
Na6 15. Rb1 Qd6 16. Rxb7 Qxa3 17. Qc2 Bc6 18. Rb3 Qd6 19. Qd3 Nb4 20. Qd1 a5
21. e4 O-O 22. Ng3 Rfb8 23. Be2 a4 24. Rb1 a3 25. Re1 Qf4 26. exd5 Nxd5 27.
Rxb8+ Rxb8 28. Nxd5 Bxd5 29. Qa1 Qe3+ 30. Kf1 Rb2 31. Nh5 Bc4 32. Ng3 Bf4 33.
Qxb2 axb2 34. Bxc4 Qxe1+ 35. Kxe1 b1=Q+ 36. Kf2 Bd2 37. Nf1 Qe1+ 38. Kg1 Be3+
39. Kh1 Qf2 40. Nxe3 Qxe3 41. g3 Qc1+ 42. Kg2 {Hossa resigns} 0-1

[Event "ICS rated blitz match"]
[Site "204.178.125.65"]
[Date "1999.08.08"]
[Round "?"]
[White "StanleyCup"]
[Black "Hossa"]
[Result "1-0"]
[WhiteElo "2352"]
[BlackElo "2500"]
[PlyCount "73"]
[EventDate "1999.??.??"]

1. d4 Nf6 2. c4 g6 3. Nc3 d6 4. e4 Bg7 5. f3 e5 6. d5 Nfd7 7. h4 f5 8. exf5
gxf5 9. Bg5 Nf6 10. Bd3 h6 11. Be3 c6 12. Qc2 f4 13. Bg6+ Kd7 14. Bf2 cxd5 15.
Qf5+ Ke7 16. Nxd5+ Kf8 17. Qd3 Be6 18. Ne2 Bxd5 19. cxd5 Qa5+ 20. Nc3 Ke7 21.
O-O Qa6 22. Qf5 Kd8 23. Rfc1 Nbd7 24. Qe6 Nf8 25. Qf7 Nxg6 26. Qxg7 Ne8 27.
Qxg6 Rc8 28. Qe6 Rc7 29. h5 Re7 30. Bh4 Rhh7 31. Nb5 Nc7 32. Qg8+ Ne8 33. Qxh7
Qb6+ 34. Kh2 Qc7 35. Rxc7 Ng7 36. Bxe7+ Ke8 37. Nxd6# {Hossa checkmated} 1-0